College Football - Team Logos: C-USA - Statistics

General Stats
  • This quiz has been taken 153 times
    97 since last reset
  • The average score is 6 of 10
Answer Stats
Question Answer % Correct
Choose the C-USA team:
81%
Choose the C-USA team:
72%
Choose the C-USA team:
66%
Choose the C-USA team:
66%
Choose the C-USA team:
63%
Choose the C-USA team:
63%
Choose the C-USA team:
59%
Choose the C-USA team:
56%
Choose the C-USA team:
56%
Choose the C-USA team:
56%
No matching quizzes found
Score Distribution
Percent of People with Each Score
Percentile by Number Answered
Your Score History
You have not taken this quiz since the last reset